000 00811nam a2200229Ia 4500
003 OSt
005 20220923220418.0
006 a|||||r|||| 00| 0
007 ta
008 220922b |||||||| |||| 00| 0 hin d
024 _a186,464
037 _cTextual
040 _aARTS
_cARTS
_bhin
041 _2hin
_ahin
082 _aY:1.2.A, L2
100 _aउपाध्याय, वासुदेव
245 0 _aप्राचीन भारतीय स्तूप गुफा एवं मंदिर
246 _aPrāchīn bhāratīya stūp gufā evan hindira
260 _aपटना
_b बिहार हिन्दी गं्रथ अकादमी
_c1972
942 _hY:1.2.A, L2
_cTEXL
_2CC
999 _c339707
_d339707